A view of the various editions of the Greek and Roman classics, with remarks, by Edward Harwood, D.D.

Bibliographic Details
Main Author: Harwood, Edward, 1729-1794
Corporate Author: Gale (Firm)
Format: eBook
Language:English
Published: London : Printed for G.G.J. and J. Robinson, No. 25, Pater-noster-Row, MDCCXC. [1790]
Edition:The fourth edition. To which is added, a view of the prices of the early editions of the classics at the late sale of the Pinellian Library.
Subjects:
Online Access:Connect to the full text of this electronic book

MARC

Tag First Indicator Second Indicator Subfields
LEADER 00000cam a2200000 4500
001 in00003819081
005 20190415184043.0
006 m o d
007 cr |n||||||||n
008 801031s1790 enk|||| o 00||||eng c
035 |a (CU-RivES)T108276 
035 |a (Uk-ES)006377357 
035 |a (OCoLC)508834407 
040 |a Uk-ES  |c Uk-ES  |d CU-RivES  |d CStRLIN  |d CU-RivES  |d Cengage Gale  |d UtOrBLW 
050 4 |a Z7016  |b .H379 1790 
100 1 |a Harwood, Edward,  |d 1729-1794.  |0 http://id.loc.gov/authorities/names/n85024907 
245 1 2 |a A view of the various editions of the Greek and Roman classics, with remarks, by Edward Harwood, D.D. 
250 |a The fourth edition. To which is added, a view of the prices of the early editions of the classics at the late sale of the Pinellian Library. 
264 1 |a London :  |b Printed for G.G.J. and J. Robinson, No. 25, Pater-noster-Row,  |c MDCCXC. [1790] 
300 |a 1 online resource (2 unnumbered pages, xxvii, 1 unnumbered page, 340, 8 unnumbered pages)  
336 |a text  |b txt  |2 rdacontent 
337 |a computer  |b c  |2 rdamedia 
338 |a online resource  |b cr  |2 rdacarrier 
510 4 |a English Short Title Catalog,  |c T108276. 
500 |a Reproduction of original from British Library. 
500 |a Electronic resource. 
650 0 |a Classical literature  |v Bibliography.  |0 http://id.loc.gov/authorities/subjects/sh85026708 
655 7 |a Electronic books.  |2 local 
710 2 |a Gale (Firm)  |0 http://id.loc.gov/authorities/names/no2008071348 
752 |a Great Britain  |b England  |d London. 
856 4 0 |u http://proxy.library.tamu.edu/login?url=http://find.galegroup.com/ecco/infomark.do?contentSet=ECCOArticles&docType=ECCOArticles&bookId=1473201000&type=getFullCitation&tabID=T001&prodId=ECCO&docLevel=TEXT_GRAPHICS&version=1.0&source=library&userGroupName=txshracd2898  |z Connect to the full text of this electronic book  |t 0 
999 f f |s 7d33f079-bde4-3820-971a-4393dd8d7335  |i 8d5b01c4-36e6-38fb-a416-1919aca38c7c  |t 0 
952 f f |a Texas A&M University  |b College Station  |c Electronic Resources  |d Available Online  |t 0  |e Z7016 .H379 1790  |h Library of Congress classification 
998 f f |a Z7016 .H379 1790  |t 0  |l Available Online